00362nam a2200109Ia 4500008004100000100002000041245006500061500007500126650002700201942000700228999001700235181011s9999 xx 000 0 und d aClinton Bennett 0aIn Dialogue with Truth: A Critical Biography of Henry Martyn aThe Bulletin of Henry Martyn school of Islamic Studies Jan -June 1997 aHenry Martyn Institute cBR c21815d21815